000 01431nam a22003977a 4500
001 T0000592
003 KOHA_MİRAKIL
005 20260207004627.0
007 ta
008 210531b2020 tu |||grm|||#0|||0|tur |
040 _aTR-BiSEU
_btur
_cTR-BiSEU
_erda
041 0 _atur
044 _ctu
050 0 0 _aTez
_b592
100 1 _aÜnsal, Alper.
245 1 _a46 numaralı tapu tahrir defterine göre Bayburt ve çevresinde ekonomik ve sosyal hayat/
_cAlper Ünsal ; Alper Ünsal; danışman Vedat Turğut.
264 1 _aBilecik :
_bBilecik Şeyh Edebali Üniversitesi
_c2020
300 _aIX, 548 sayfa; 30 cm. +
_e1 CD-ROM
336 _ametin
_btxt
_2rdacontent
337 _aaracısız
_bn
_2rdamedia
338 _acilt
_bnc
_2rdacarrier
490 0 _aRef.
490 0 _aNo: 10215362
500 _aKaynakça var.
500 _aİngilizce Eser Adı: Economical and social life around Bayburt and its surroundings according to land registry book number 46.
502 _aTez (Yüksek Lisans) -- Bilecik Şeyh Edebali Üniversitesi Sosyal Bilimler Enstitüsü Tarih Anabilim Dalı, Bilecik, .
650 0 _aBayburt--Kelkit.
_9124518
650 0 _aKoğans.
_9124519
650 0 _aYağmurderesi.
_9124520
650 0 _aTahrir defterleri.
_985086
650 0 _aCadastral Record Books.
_9124521
830 0 _aRef.
_9123605
830 0 _aNo: 10215362
_9124522
856 4 0 _uhttps://hdl.handle.net/11552/1728
907 _aYüksek Lisans
942 _2lcc
_cTS
999 _c66460
_d66460